| 000 | 00891nam a22002897a 4500 | ||
|---|---|---|---|
| 003 | CHAP | ||
| 005 | 20220329134211.0 | ||
| 008 | 971013s1960 r 00010 d | ||
| 010 | _a16871 | ||
| 011 | _a17843 | ||
| 035 | _a21927 | ||
| 040 | _cCHAP | ||
| 082 |
_a634.982 _bH84 |
||
| 100 | 0 | 0 |
_aHuggard, Eric Richard. _956781 |
| 245 | _aForest tools and instruments | ||
| 260 |
_aLondon : _bA.G.C. Black, _c1960 |
||
| 300 |
_a119 p. _b: ilus. |
||
| 590 |
_aBATCH-UPD _b10 _c20130110 _lUCH01 _h0233 |
||
| 590 |
_aBATCH-UPD _b10 _c20130110 _lUCH01 _h2112 |
||
| 590 |
_aCONVERSION _b10 _c20130109 _lUCH01 _h1310 |
||
| 650 | 1 | 4 |
_aMaquinaria forestal. _971212 |
| 700 | 0 |
_aOwen, Thomas Hebert. _984432 |
|
| 901 | _aBK | ||
| 942 | _cLIBRO | ||
| 949 |
_a634.982 H84 _bBC _cLIBRO _d33724000243952 _eLIBRO _h23907 _i21927 _si |
||
| 949 |
_a634.982 H84 _bBC _cLIBRO _d33724000243960 _eLIBRO _fc.2 _h23908 _i21927 _si |
||
| 999 |
_c16871 _d16871 |
||